Music Quiz

Random Music or Artist Quiz

Rock songs by lyrics Quiz Stats

 Plays Quiz not verified by Sporcle

Also try: 'Rocks' and Roll
Challenge
Share
Tweet
Embed
Score 0/19 Timer 10:00
0 Plays Today
Lyrics Song % Correct
Once i rose above the noise and confusion, Just to get a glimpse beyond this illusion.Carry on wayward son
58.9%
Out here in the fields, I fight for my meals, I get my back into my living.Baba O Riley
57.4%
Oh mother, tell your children. Not to do what i have done.House of the rising sun
48.9%
But if i stayed here with you girl, Things just couldn't be the same.Free bird
46.1%
Loving you isn't the right thing to do. How can I ever change things that I feelGo your own way
37.6%
Bought a beat up six string, in a secondhand store. Didn't know how to play it, but he knew for sure.Juke box hero
33.3%
So many people have come and gone. Their faces fade as the years go by .More than a feeling
32.6%
Nobody gonna take my car Im gonna race it to the ground.Highway star
32.6%
Just a castaway. An island lost at sea. Another lonely day, With no one here but me .Message in a bottle
29.8%
I can't beleive the news today, Can't close my eyes and make it go away.Sunday Bloody Sunday
29.8%
Lyrics Song % Correct
Monopoly, twenty one, checkers, and chess Yeah, yeah, yeah, yeah.Man on the Moon
26.2%
Leg hurting bad, As he bends to pick a dog-end, Goes down to the bog And warms his feetAqualung
22%
I see a woman in the night. With a baby in her hand.Rockin' in the free world
21.3%
Just an urchin livin' under the street I'm a hard case that's tough to beat.Paradise city
19.1%
Follow the Mockva Down to Gorky Park.Wind of Change
18.4%
Plays that song thats so elusive, And the magic music makes your morning mood.Spirit of Radio
16.3%
I'm worse at what i do best, And for this gift i feel blessed.Smells like teen spirit
12.8%
A long time ago came a man on a track, Walking thirty miles with a pack on his back.Telegraph road
8.5%
In a place you only dream of, where your soul is always free, Silver stages golden curtains fill my head plain as could be.Green grass and high tides
7.8%

You're not logged in!

Compare scores with friends on all Sporcle quizzes.
Join for Free
OR
Log In

You Might Also Like...

Show Comments

Extras

Top Quizzes Today


Score Distribution

Your Account Isn't Verified!

In order to create a playlist on Sporcle, you need to verify the email address you used during registration. Go to your Sporcle Settings to finish the process.

Report this User

Report this user for behavior that violates our Community Guidelines.

Details: